<?xml version="1.0" encoding="UTF-8"?>
<marc:record xmlns:marc="http://www.loc.gov/MARC21/slim">
   <marc:leader>00000nam a2200000 a 4500</marc:leader>
   <marc:datafield ind1="1" ind2=" " tag="100">
      <marc:subfield code="a">Büchner, Sabine</marc:subfield>
      <marc:subfield code="4">aut</marc:subfield>
      <marc:subfield code="e">Verfasser/-in</marc:subfield>
   </marc:datafield>
   <marc:datafield ind1="0" ind2="0" tag="245">
      <marc:subfield code="a">Rosa</marc:subfield>
   </marc:datafield>
   <marc:datafield ind1="0" ind2="0" tag="245">
      <marc:subfield code="b">eine Wanne sieht rot</marc:subfield>
   </marc:datafield>
   <marc:datafield ind1="0" ind2="0" tag="245">
      <marc:subfield code="c">SaBine Büchner</marc:subfield>
   </marc:datafield>
   <marc:datafield ind1=" " ind2="1" tag="264">
      <marc:subfield code="a">Hamburg</marc:subfield>
      <marc:subfield code="b">Carlsen</marc:subfield>
      <marc:subfield code="c">2009</marc:subfield>
   </marc:datafield>
   <marc:datafield ind1="1" ind2=" " tag="520">
      <marc:subfield code="a">Angaben aus der Verlagsmeldung

Rosa : Eine Wanne sieht rot / von SaBine Büchner

Als Grünlich seine Ohren mal wieder nicht waschen will, hat Rosa die Nase endgültig voll. Jeden Tag klettert dieses klebrige Etwas über ihren glänzend polierten Rand und sitzt wimmernd in einer winzigen Wasserpfütze.
»Ich muss hier weg«, gurgelt Rosa und macht sich stehenden Fußes auf den Weg zum Meer, um sich mal richtig volllaufen zu lassen. Doch der Weg ist weit, und so trifft es sich gut, dass sie unterwegs ein paar Reisegefährten auflesen kann.
</marc:subfield>
   </marc:datafield>
   <marc:datafield ind1=" " ind2=" " tag="020">
      <marc:subfield code="a">9783551517081</marc:subfield>
      <marc:subfield code="9">9783551517081</marc:subfield>
   </marc:datafield>
   <marc:datafield ind1=" " ind2=" " tag="020">
      <marc:subfield code="a">3551517088</marc:subfield>
      <marc:subfield code="9">3551517088</marc:subfield>
   </marc:datafield>
</marc:record>
